| 000 | 01297cam a2200397 a 4500 | ||
|---|---|---|---|
| 001 | 13813445 | ||
| 003 | OSt | ||
| 005 | 20140410090744.0 | ||
| 008 | 041213s2004 nyuab b 000 1 eng d | ||
| 010 | _a 2004275806 | ||
| 020 | _a0439559685 (pbk) | ||
| 035 | _a(OCoLC)ocm54672724 | ||
| 040 |
_aOCO _cOCO _dXY4 _dOCLCQ _dDLC |
||
| 041 | 1 |
_aeng _hita |
|
| 042 |
_alcac _alccopycat |
||
| 050 | 0 | 0 |
_aPZ 7 _b.St857Poc 2004 |
| 082 | 0 | 0 | _a[Fic] |
| 245 | 0 | 0 |
_aPaws off, Cheddarface! / _cGeronimo Stilton ; [illustrations by Mark Nithael and Kat Steven]. |
| 260 |
_aNew York : _bScholastic Inc., _c[c2004]. |
||
| 300 |
_a113 p. : _bill. (chiefly col.), col. maps ; _c20 cm. |
||
| 500 | _a"English translation... by Edizioni Piemme S.p.A."--T.p. verso. | ||
| 521 | 0 | _aG2 | |
| 526 | _c440 | ||
| 562 | _eFor circulation. 2 copy in the collection | ||
| 650 | 1 |
_aMice _vFiction. _926129 |
|
| 650 | 1 |
_aJournalists _vFiction. _926130 |
|
| 650 | 1 |
_aMistaken identity _vFiction. _926131 |
|
| 650 | 1 |
_aImpersonation _vFiction. _926132 |
|
| 650 | 1 |
_aHumorous stories. _93831 |
|
| 906 |
_a7 _bcbc _ccopycat _d2 _encip _f20 _gy-gencatlg |
||
| 942 |
_2lcc _cBK |
||
| 999 |
_c34104 _d34104 |
||